Представление документа в формате RUSMARC

ПолеНазваниеЗначение
  Тип записи a
  Библиографический уровень a
001 Контрольный номер RU/CBS_UL/BASE/6d2127a05faa43238b8e7b8fc847b1b2
005 Дата корректировки 20250122233008.8
100 Данные общей обработки __
a Данные общей обработки 20230426 ||| 0rusy0189 ca
101 Язык документа 0_
a Язык текста rus
102 Страна публикации __
a Страна публикации RU
200 Заглавие и сведения об ответственности 1_
a Заглавие Китайский гвоздь программы
e Сведения, относящиеся к заглавию [беседа с директором Института народнохозяйственного программирования РАН А. Шировым о том, от какого импорта Россия не сможет никогда отказаться и что мы обязаны производить сами]
f Первые сведения об ответственности А. Дуэль
g Последующие сведения об ответственности фот. И Выдревич
300 Общие примечания __
a Общие примечания 16+
461 Уровень набора _0
1 2000
a Аргументы и факты
463 Уровень физической единицы _0
1 2000
a № 16 (19-25 апр.)
v С. 3 : фот.
1 2101
d 2023
1 001RU/CBS_UL/BASE/dd0ae958289d4fd8b07bdf871528350a
606 Тематические рубрики 0_
a Основная рубрика Импорт - Российская Федерация
610 Ключевые слова 0_
a Ключевые слова внешняя торговля
610 Ключевые слова 0_
a Ключевые слова импорт
610 Ключевые слова 0_
a Ключевые слова импорт товаров
610 Ключевые слова 0_
a Ключевые слова импортозамещение
610 Ключевые слова 0_
a Ключевые слова мировая экономика
686 Индексы других классификаций __
2 Код системы rubbk
a Классификационный индекс 65.428.3
700 Автор _1
a Фамилия Дуэль
b Имя (инициалы) А.
801 Источник записи _0
a Страна RU
b Организация МБУК ЦБС г. Ульяновска
c Дата составления 20230426
g Правила каталогизации RCR
801 Источник записи _1
a Страна RU
b Организация МБУК ЦБС г. Ульяновска
c Дата составления 20230426
g Правила каталогизации RCR
901 Тип документа __
t Тип документа f
w Контрольный № источника RU/CBS_UL/BASE/dd0ae958289d4fd8b07bdf871528350a